| 000 | 00933cam a22002771 4500 | ||
|---|---|---|---|
| 001 | 14440406 | ||
| 003 | OSt | ||
| 005 | 20230605112954.0 | ||
| 008 | 060706s1990 enk 000 0 eng | ||
| 010 | _a 89048786 | ||
| 020 | _a0862329124 | ||
| 020 | _a0862329132 (pbk.) | ||
| 040 |
_aDLC _cDLC _dDLC |
||
| 082 |
_a333.79096 _bAFRI |
||
| 245 | 0 | 0 |
_aAfrican energy : _bissues in planning and practice / _cAfrican Energy Policy Research Network (AFREPEN). |
| 260 |
_aLondon ; _aAtlantic Highlands, N.J. : _bZed Books, _c1990. |
||
| 300 |
_axviii, 157 p. : _bill. ; _c23 cm. |
||
| 504 | _aIncludes bibliographical references and index. | ||
| 650 | 0 |
_aEnergy policy _zAfrica _vCase studies. |
|
| 710 | 2 | _aAfrican Energy Policy Research Network. | |
| 740 | 0 | _aAFREPREN African energy policies. | |
| 906 |
_a0 _bibc _cpremunv _d3 _encip _f19 _gy-gencatlg |
||
| 942 |
_2ddc _cBK |
||
| 999 |
_c317 _d317 |
||